00334nam a2200133Ia 4500008004100000082001500041100002500056245003300081250000800114260003000122300001200152500002400164650001200188230524s9999 xx 000 0 und d a5.133bRAF aMohamed Rafiquzzaman 0aModern Computer Architecture a1ST aNEW DELHIbGalgotiac2005 aXII;963 aQuantity Number: 1 aComp-Sc